All ShellSHock Live Weapons - Statistics

General Stats
  • This quiz has been taken 126 times
    87 since last reset
  • The average score is 159 of 418
Answer Stats
Answer % Correct
Shot
93%
Big Shot
84%
Sniper
84%
Nuke
79%
Builder
77%
Digger
77%
MegaBuilder
75%
Mega-Digger
75%
Sub-Sniper
75%
Massive Shot
72%
MegaNuke
72%
Roller
72%
Back-Roller
70%
Rain
70%
Air Strike
68%
Breaker
68%
Grenade
68%
Napalm
68%
Splitter
68%
Sword
68%
SmartSnipe
67%
Excavation
65%
Fireworks
65%
Glock
65%
Grand Finale
65%
Hail
65%
Acid Rain
63%
Dagger
63%
Heavy Back-Roller
63%
Heavy Roller
63%
Imploder
63%
Tsunami
63%
Grenade Storm
61%
Groller
61%
One-Bounce
61%
Pyrotechnics
61%
Shank
61%
Desert
60%
Flame
60%
Laser Beam
60%
Quicksand
60%
SplitterChain
60%
Three-Bounce
60%
Back-Groller
58%
Bouncy Ball
58%
BreakerChain
58%
Double-Breaker
58%
Earthquake
58%
Horizon
58%
Stream
58%
Tri-Nade
58%
AK-47
56%
Cat
56%
Creek
56%
Double-Splitter
56%
Five-Ball
56%
Five-Bounce
56%
Heavy Napalm
56%
Helicopter Strike
56%
Three-Ball
56%
Acid Hail
54%
Area Attack
54%
Black Hole
54%
BreakerMadness
54%
Dead Weight
54%
Desert Eagle
54%
Early Bird
54%
FireStorm
54%
M4
54%
Mega-Quake
54%
River
54%
AC-130
53%
Area Strike
53%
Eleven-Ball
53%
Heavy Shot
53%
Lightning
53%
Seven-Bounce
53%
Sinkhole
53%
Train
53%
Blaze
51%
Cats and Dogs
51%
Kittens
51%
Tunneler
51%
TwentyFive-Ball
51%
UZI
51%
2012
49%
Arrow
49%
Bounder
49%
Bulger
49%
Double Bounder
49%
Early Worm
49%
Express
49%
Needler
49%
P90
49%
Super-Splitter
49%
Wall
49%
Bolt
47%
God Rays
47%
Guppies
47%
Moons
47%
Palm
47%
Super-Breaker
47%
SuperCat
47%
Artillery
46%
Bow & Arrow
46%
Flattener
46%
Ghost Bomb
46%
Jackpot
46%
M16
46%
Seagull
46%
Snake
46%
Sunflower
46%
Sweeper
46%
Baby Seagull
44%
Big Bulger
44%
BreakerMania
44%
Construction
44%
Counter 3000
44%
Counter 4000
44%
Counter 5000
44%
Flaming Arrow
44%
Fortress
44%
Lottery
44%
Magnets
44%
Mama Seagull
44%
MP5
44%
Portal Gun
44%
Python
44%
Rainbow
44%
Sausage
44%
Shadow
44%
Shooting Star
44%
Spider
44%
Volcano
44%
Bounsplode
42%
Cactus
42%
Counter 6000
42%
Dead Riser
42%
Double Palm
42%
Double Ram
42%
Flower
42%
Molehill
42%
Pinpoint
42%
Radar
42%
Rave
42%
Shotgun
42%
Sonar
42%
Taser
42%
Travelers
42%
Triple Bounder
42%
Beacon
40%
Boulder
40%
Bouquet
40%
Crazyballs
40%
Frogs
40%
Heavy Jet
40%
Inferno
40%
M9
40%
Master Beam
40%
Pentagram
40%
Pepper
40%
Puzzler
40%
Scavengers
40%
Spaz
40%
Stone
40%
Torpedoes
40%
Black Widow
39%
Bullfrog
39%
Carpet Bomb
39%
Chopper
39%
Cobra
39%
Double-Bounsplode
39%
Ghostlets
39%
Goldfish
39%
MegaRainbow
39%
MegaTunneler
39%
Multi-Nade
39%
Pins and Needles
39%
Rage
39%
Relocator
39%
Salt and Pepper
39%
Shrapnel
39%
Sillyballs
39%
SkullShot
39%
Spazzer
39%
Spotter
39%
Super Ball
39%
Tadpoles
39%
Tarantula
39%
Triple Palm
39%
Wackyballs
39%
Wicked Witch
39%
Attractoids
37%
Banana
37%
Chunker
37%
Chunklet
37%
Crazy Cluster
37%
Deity
37%
Eruption
37%
Fleet
37%
Ghouls
37%
Hidden Blade
37%
Lidar
37%
Moles
37%
Ram-Squad
37%
Recruiter
37%
Spiker
37%
Spotter XL
37%
Ultimate Imploder
37%
Wacky Cluster
37%
Asteroids
35%
Bratwurst
35%
Comets
35%
Division
35%
Flasher
35%
Helianthus
35%
Hover-Ball
35%
Kielbasa
35%
Killer Bees
35%
Oddball
35%
Partition
35%
RapidFire
35%
ShockShell
35%
Shredders
35%
Spaztastic
35%
Spotter XXL
35%
Sticky Bomb
35%
Strobie
35%
Suicide Bomber
35%
Summoner
35%
Ultra Beam
35%
Wasps
35%
Zipper
35%
Bee Hive
33%
BFG-9000
33%
Bumper Bombs
33%
Cactus Strike
33%
Daddy Longlegs
33%
Double Ram-Squad
33%
Drone
33%
Fireball
33%
Great Beam
33%
Mage
33%
Minions
33%
Payload
33%
Pentaslam
33%
Permaroller
33%
Synclets
33%
Triple-Bounsplode
33%
Tweeter
33%
Cosmic Rift
32%
Darkshadow
32%
Diamond Blade
32%
Driller
32%
Fountain
32%
Funnel
32%
Gatling Gun
32%
Heavy Hover-Ball
32%
Heavy Taser
32%
Jack-o-Lantern
32%
Jack-o-Vomit
32%
Kamikaze
32%
Mega-Pixel
32%
Orbitals
32%
Pinger
32%
Pixel
32%
Popcorn
32%
Saw Blade
32%
Squadron
32%
StarFire
32%
Woofer
32%
X Attack
32%
ASHPD
30%
Banana Split
30%
Burnt Popcorn
30%
Clover
30%
Deceiver
30%
Displacement Bomb
30%
Dolla Bills
30%
Double Zipper
30%
Heavy Drone
30%
Heavy Permaroller
30%
Homing Rockets
30%
Make-It-Rain
30%
Oddbomb
30%
Penetrator
30%
Sparkler
30%
3D-Bomb
28%
Battering Ram
28%
BFG-1000
28%
Concealed Blade
28%
Deathshadow
28%
Homing Missile
28%
Kernels
28%
Mad Birds
28%
Mini-Pinger
28%
O Attack
28%
Paprika
28%
Penetrator v2
28%
Shockwave
28%
Skeleton
28%
Slammer
28%
Snowball
28%
Tunnel Strike
28%
Ultra-Pixel
28%
2x3D
26%
Apache
26%
Beaconator
26%
Bumper Array
26%
Carpet Fire
26%
Crackler
26%
Disco Ball
26%
Fighter Jet
26%
Four Leaf Clover
26%
Fury
26%
Gravies
26%
Heavy Fleet
26%
Magic Shower
26%
Many-Minions
26%
Mega-Jackpot
26%
Needles
26%
Olympic Skeet
26%
Pinata
26%
Rip Saw
26%
Satellite
26%
ShockShell Trio
26%
Skeet
26%
Sprinkler
26%
Super Fleet
26%
UFO
26%
Ultra-Jackpot
26%
Witches Broom
26%
Banana Bunch
25%
Cayenne
25%
Dual Needler
25%
Dual-Roller
25%
Flintlock
25%
Jumper
25%
Mini-Turret
25%
Minnows
25%
Ping Flood
25%
Ringer
25%
Riot
25%
Squawker
25%
Static
25%
Super-Pixel
25%
TurretMob
25%
Zipper Quad
25%
3x3D
23%
Fat Stacks
23%
Fiesta
23%
Flurry
23%
Hexagon
23%
Livid Birds
23%
Ninja
23%
Octagon
23%
Snowstorm
23%
Square
23%
Sticky Trio
23%
Sunburst
23%
Super Spiker
23%
Twinkler
23%
Water Balloon
23%
Baffler
21%
Blossom
21%
Boomerang
21%
Bumper Assault
21%
Burst-Fire
21%
Enlister
21%
Furious Birds
21%
Gravits
21%
Kooky Cluster
21%
Olympic Ringer
21%
Rampage
21%
Rocket Fire
21%
Secret Blade
21%
Spreader
21%
Static Chain
21%
Super-Synclets
21%
Waterworks
21%
Asteroid Storm
19%
BigBoomerang
19%
Jammer
19%
Punisher
19%
Static Link
19%
Throwing Star
19%
Triple-Jumper
19%
Yin Yang
19%
Blunderbuss
18%
Botherer
18%
Bounstorm
18%
Bounstrike
18%
Groovy Ball
18%
Heavy Ringer
18%
Mine Layer
18%
Sticky Rain
18%
Tormentor
18%
Water Fight
18%
Bounstream
16%
Enroller
16%
Flying-V
16%
Incendiary Bombs
16%
Tangent Fire
16%
Mini-V
14%
Rocker
14%
Solar Flare
14%
Tangent Attack
14%
Yin Yang Yong
14%
Jiver
12%
Sonic Pulse
12%
Tangent Assault
12%
Water Trio
12%
Chicken-Fling
11%
Multi-Star
11%
Chicken-Launch
9%
Rocket Cluster
9%
Chicken-Hurl
5%
Sprounter
4%
No matching quizzes found
Score Distribution
Percent of People with Each Score
Percentile by Number Answered
Your Score History
You have not taken this quiz since the last reset